Training issues and strategies in libraries

Bibliographic Details
Other Authors: Gherman,Paul M , Painter, Frances O. (ed by# ., ed.by)
Format: Book
Published: New York : Haworth Press , 1990
Subjects:

MARC

LEADER 00000cam a2200000 7i4500
001 0000005188
002 000005603
005 20000330.0
020 |a 0866569375 
090 0 0 |a 023.8   |b TRA 
245 0 0 |a Training issues and strategies in libraries   |c edited by Paul M.Gherman and Frances O.Painter 
260 |a New York :   |b Haworth Press ,   |c 1990 
300 |a 95p. ;   |c 22cm. 
650 0 0 |a Library education   |a Library employees   |x Training of 
700 1 |a Gherman,Paul M ,   |e ed by# .  |a Painter, Frances O. ,   |e ed.by 
999 |a 031165   |b BUKU   |c RUJUKAN   |e PERPUSTAKAAN KOMUNITI PETALING JAYA